[Event "Chigorin Memorial"]
[Site "St Petersburg RUS"]
[Date "2012.11.02"]
[Round "7.111"]
[White "Sukhareva, Evgeniya"]
[Black "Fedorov, Viktor"]
[Result "1/2-1/2"]
[WhiteElo "2268"]
[BlackElo "2118"]
[WhiteFideId "4167155"]
[BlackFideId "24195430"]
[EventDate "2012.10.27"]

1. d4 Nf6 2. c4 e6 3. Nf3 Bb4+ 4. Nbd2 c5 5. a3 Bxd2+ 6. Bxd2 d6 7. Qc2 Nc6 8.
Bc3 O-O 9. e3 Qe7 10. Be2 e5 11. d5 Nd8 12. h3 Ne8 13. Nd2 f5 14. O-O-O Rb8 15.
b3 Bd7 16. Bb2 a6 17. Rde1 b5 18. f4 a5 19. cxb5 Bxb5 20. Bxb5 Rxb5 21. a4 Rb8
22. Qc3 Nf7 23. g4 Nf6 24. gxf5 Nxd5 25. Qc4 Nc7 26. fxe5 Rb4 27. Qc2 Nxe5 28.
Rhg1 Rf7 29. Bc3 Nd5 30. Bxe5 Qxe5 31. Nc4 Qa1+ 32. Kd2 Qf6 33. Rg4 Qxf5 34.
Qxf5 Rxf5 35. Reg1 g6 36. Nxa5 Rf3 37. Rxb4 Nxb4 38. Ke2 Rxh3 39. Rd1 d5 40. Rc1
Na6 41. Nb7 d4 42. exd4 cxd4 43. Na5 Nb4 44. Rc4 d3+ 45. Kd2 Rh2+ 46. Kd1 Nd5
47. Rc8+ Kf7 48. Nc4 Ke7 49. a5 Ra2 50. Rc6 g5 51. a6 Nb4 52. Rc7+ Kd8 53. Rxh7
Nxa6 54. Rg7 Nc5 55. Ne5 Nxb3 56. Nxd3 Rd2+ 57. Ke1 Rxd3 58. Rxg5 Ke7 59. Rg6
Nd4 60. Ra6 Ne6 61. Ke2 Rb3 62. Kf2 Kf6 63. Ke2 Kf5 64. Ra4 Ke5 65. Ra8 Ke4 66.
Kd2 Rd3+ 67. Kc1 Nf4 68. Re8+ Kd4 69. Kc2 Nd5 70. Rh8 Ne3+ 71. Kb2 Nc4+ 72. Kc2
Rd2+ 73. Kb3 Rb2+ 74. Ka4 Nd6 75. Rh4+ Ne4 76. Ka5 Kc5 77. Rxe4 1/2-1/2

[Event "Chigorin Memorial"]
[Site "St Petersburg RUS"]
[Date "2012.11.02"]
[Round "7.112"]
[White "Dolgova, Olga"]
[Black "Androsov, Sergey"]
[Result "0-1"]
[WhiteTitle "WIM"]
[WhiteElo "2250"]
[BlackElo "2081"]
[WhiteFideId "4158296"]
[BlackFideId "4102681"]
[EventDate "2012.10.27"]

1. d4 d5 2. c4 e6 3. Nf3 Nf6 4. g3 c6 5. Bg2 Nbd7 6. Qc2 Bd6 7. O-O O-O 8. Rd1
Ne4 9. Nc3 f5 10. Bf4 g5 11. Nxe4 Bxf4 12. gxf4 fxe4 13. Nxg5 Nf6 14. e3 h6 15.
Nh3 Nh5 16. Kh1 Qh4 17. Ng1 Kh8 18. Rf1 Rg8 19. Ne2 Bd7 20. Bxe4 dxe4 21. Qxe4
Nf6 22. Qe5 Rg7 23. f3 Rag8 24. Rg1 Be8 25. Raf1 Bh5 26. Rxg7 Rxg7 27. Ng1 Bg4
28. Qb8+ Kh7 29. Qe5 Bf5 30. e4 Bh3 31. Nxh3 Qxh3 32. Rf2 Ng4 33. Qxg7+ Kxg7 34.
fxg4 Qe3 35. Kg2 Qxe4+ 36. Kg3 Qxd4 37. b3 a6 38. Kg2 b5 39. cxb5 axb5 40. Kg3
c5 0-1

[Event "Chigorin Memorial"]
[Site "St Petersburg RUS"]
[Date "2012.11.02"]
[Round "7.113"]
[White "Cheremnova, Tamara"]
[Black "Zamyshlyaev, Anatoly"]
[Result "1-0"]
[WhiteTitle "WFM"]
[WhiteElo "2235"]
[BlackElo "2080"]
[WhiteFideId "4175026"]
[BlackFideId "4199308"]
[EventDate "2012.10.27"]

1. d4 e6 2. c4 d5 3. Nc3 c5 4. cxd5 cxd4 5. Qa4+ Bd7 6. Qxd4 exd5 7. Nf3 Nc6 8.
Qd1 Be6 9. e3 Nf6 10. Be2 Bd6 11. O-O Rc8 12. Nb5 Bb8 13. b3 O-O 14. Bb2 Ne4 15.
Rc1 Re8 16. Nbd4 Qf6 17. Nxc6 Qxb2 18. Rc2 Qf6 19. Nxb8 Rxb8 20. Qd4 Qxd4 21.
Nxd4 Rbc8 22. Rfc1 Rxc2 23. Rxc2 Rc8 24. Rxc8+ Bxc8 25. Bd3 Nd6 26. Kf1 h6 27.
Ke2 Kf8 28. Kd2 Ke7 29. Kc3 f6 30. Kb4 Be6 31. Kc5 Kd7 32. Bb5+ Ke7 33. Bd3 Kd7
34. Ne2 b6+ 35. Kd4 g5 36. Nc3 Kc6 37. b4 Nc8 38. Bb5+ Kd6 39. Ba6 Ne7 40. Nb5+
Kd7 41. Nxa7 Nf5+ 42. Kc3 Nd6 43. Bd3 d4+ 44. Kxd4 Bxa2 45. Nb5 Nxb5+ 46. Bxb5+
Kd6 47. Bc4 Bb1 48. e4 Bc2 49. g3 h5 50. Be2 h4 51. gxh4 gxh4 52. f4 Bb3 53. Bc4
Bd1 54. e5+ fxe5+ 55. fxe5+ Ke7 56. Ke4 Bg4 57. Kf4 Bd7 58. Kg5 h3 59. Kh4 1-0

[Event "Chigorin Memorial"]
[Site "St Petersburg RUS"]
[Date "2012.11.02"]
[Round "7.114"]
[White "Suleymanyants, Odisey"]
[Black "Kartsev, Evgeni"]
[Result "0-1"]
[WhiteTitle "FM"]
[WhiteElo "2227"]
[BlackElo "2070"]
[WhiteFideId "24149357"]
[BlackFideId "24162469"]
[EventDate "2012.10.27"]

1. e4 e5 2. Nf3 Nc6 3. Be2 Nf6 4. d3 Bc5 5. O-O d6 6. c3 Bb6 7. Bg5 h6 8. Bh4 g5
9. Nxg5 hxg5 10. Bxg5 Rg8 11. h4 Rxg5 12. hxg5 Nh7 13. Nd2 a6 14. Bg4 Qxg5 15.
Bxc8 Rxc8 16. Nc4 Ba7 17. Qc1 Qg6 18. Qd1 Kd7 19. Ne3 Rg8 20. Qf3 Bxe3 21. fxe3
Ne7 22. Rf2 Rg7 23. Raf1 Qh6 24. g3 Ng5 25. Qg4+ f5 26. Qh4 Nf3+ 27. Rxf3 Qxh4
28. Kf2 Qh2+ 0-1

[Event "Chigorin Memorial"]
[Site "St Petersburg RUS"]
[Date "2012.11.02"]
[Round "7.115"]
[White "Potyavin, Igor"]
[Black "Andrenko, Irina"]
[Result "0-1"]
[BlackTitle "WIM"]
[WhiteElo "2049"]
[BlackElo "2227"]
[WhiteFideId "4188233"]
[BlackFideId "14118270"]
[EventDate "2012.10.27"]

1. d4 Nf6 2. c4 g6 3. Nc3 Bg7 4. e4 d6 5. f3 O-O 6. Be3 Nc6 7. Nge2 a6 8. Qd2
Rb8 9. Nc1 e5 10. d5 Nd4 11. Nb3 c5 12. dxc6 bxc6 13. Nxd4 exd4 14. Bxd4 c5 15.
Be3 Qa5 16. Rc1 Be6 17. Be2 Nd7 18. b3 Ne5 19. O-O Nc6 20. f4 Nd4 21. f5 gxf5
22. Bd3 fxe4 23. Bxe4 f5 24. Bd5 Bxd5 25. Nxd5 Qxd2 26. Bxd2 Ne2+ 27. Kf2 Nxc1
28. Bxc1 Rbe8 29. Bg5 Rf7 30. Kf3 Bd4 31. h3 Kg7 32. Bd2 Kg6 33. Nf4+ Kf6 34.
Nd5+ Ke6 35. Re1+ Be5 36. Ba5 Kd7 37. Bd2 Rg8 38. Bf4 Bxf4 39. Nxf4 Re8 40. Rd1
Kc6 41. Nd5 a5 42. Nc3 Re5 43. a4 Rb7 44. Nb5 d5 45. Kf4 Re4+ 46. Kxf5 Rf7+ 47.
Kg5 d4 48. g4 Re3 49. h4 Re4 50. Kh5 Rff4 51. Rg1 0-1

[Event "Chigorin Memorial"]
[Site "St Petersburg RUS"]
[Date "2012.11.02"]
[Round "7.116"]
[White "Grinblat, Artemiy"]
[Black "Klyuev, Alexander S."]
[Result "0-1"]
[WhiteElo "2043"]
[BlackElo "2218"]
[WhiteFideId "14135272"]
[BlackFideId "4194250"]
[EventDate "2012.10.27"]

1. e4 c5 2. c3 g6 3. d4 cxd4 4. cxd4 d5 5. e5 Nc6 6. Nc3 Bg7 7. Be2 Nh6 8. Be3
O-O 9. Qd2 Nf5 10. Nf3 Nxe3 11. fxe3 Bh6 12. O-O f6 13. exf6 exf6 14. Rae1 Bg4
15. Bd1 Be6 16. Bc2 f5 17. Ne2 Qd6 18. Nf4 Bf7 19. h4 a6 20. Bb3 Kh8 21. g3 Rae8
22. Kg2 Re7 23. a3 Rd8 24. Rc1 Qf6 25. Bc2 Qd6 26. Bb1 Rde8 27. Rfe1 Qd8 28. b4
Qd6 29. Bd3 Kg8 30. Bb1 Kh8 31. Bd3 Bg7 32. Bb1 h6 33. Ba2 Qd8 34. Rc5 Rd7 35.
Bb3 Bf8 36. Rc2 Kg7 37. Re2 g5 38. hxg5 hxg5 39. Nd3 Bh5 40. Re1 Bxf3+ 41. Kxf3
Qe7 42. Nc5 Rd6 43. Qd3 b6 44. Na4 Qf7 45. Rh2 Kg8 46. Reh1 Bg7 47. Nc3 Ne7 48.
Qxa6 f4 49. exf4 Nf5 0-1

[Event "Chigorin Memorial"]
[Site "St Petersburg RUS"]
[Date "2012.11.02"]
[Round "7.117"]
[White "Syrchikov, Alexander"]
[Black "Dushin, Nikolay"]
[Result "1-0"]
[WhiteTitle "FM"]
[WhiteElo "2208"]
[BlackElo "2018"]
[WhiteFideId "4133358"]
[BlackFideId "4114612"]
[EventDate "2012.10.27"]

1. d4 Nf6 2. c4 e6 3. Nc3 Bb4 4. e3 c5 5. Bd3 Nc6 6. Nf3 d5 7. O-O cxd4 8. exd4
dxc4 9. Bxc4 O-O 10. Bg5 h6 11. Be3 Ne7 12. Ne5 b6 13. Qf3 Rb8 14. Rad1 Bb7 15.
Qh3 Ned5 16. Bc1 Bxc3 17. bxc3 Rc8 18. Rd3 Ne4 19. Bxd5 exd5 20. Bxh6 f5 21. f3
Ba6 22. fxe4 fxe4 23. Qe6+ Kh8 24. Bxg7+ 1-0

[Event "Chigorin Memorial"]
[Site "St Petersburg RUS"]
[Date "2012.11.02"]
[Round "7.120"]
[White "Velieva, Hurma"]
[Black "Khanin, Semen"]
[Result "0-1"]
[WhiteElo "1966"]
[BlackElo "2181"]
[WhiteFideId "14002272"]
[BlackFideId "4111990"]
[EventDate "2012.10.27"]

1. e4 c5 2. c3 d5 3. exd5 Qxd5 4. d4 Nf6 5. Nf3 e6 6. Be2 cxd4 7. cxd4 Nc6 8.
Nc3 Qd8 9. O-O Be7 10. Be3 O-O 11. a3 b6 12. Ne5 Nxe5 13. dxe5 Nd7 14. f4 Bb7
15. Bf3 Rb8 16. Bxb7 Rxb7 17. Qf3 Qb8 18. Rfd1 b5 19. Ne4 Rc7 20. Rac1 Rxc1 21.
Rxc1 b4 22. a4 Nb6 23. Bxb6 Qxb6+ 24. Qf2 Qa5 25. Qc2 Bd8 26. Nd6 Qb6+ 27. Kh1
Qd4 28. Rf1 Bb6 29. b3 h6 30. Qd1 Rd8 31. Qxd4 Bxd4 32. Rc1 f6 33. Rc8 Rxc8 34.
Nxc8 Bc5 35. Nd6 Bxd6 36. exd6 Kf7 37. Kg1 e5 38. f5 Ke8 39. Kf2 Kd7 40. Kf3
Kxd6 41. Ke4 a6 42. g3 a5 43. g4 Kc6 44. h3 Kd6 45. h4 Kc6 46. g5 hxg5 47. hxg5
Kd6 0-1

[Event "Chigorin Memorial"]
[Site "St Petersburg RUS"]
[Date "2012.11.02"]
[Round "7.121"]
[White "Bukhteeva, Viktoria"]
[Black "Jorayewa, Govher"]
[Result "1-0"]
[WhiteTitle "WFM"]
[BlackTitle "WFM"]
[WhiteElo "2165"]
[BlackElo "1990"]
[WhiteFideId "4192907"]
[BlackFideId "14001454"]
[EventDate "2012.10.27"]

1. e4 Nc6 2. Nc3 e6 3. d4 d5 4. Nf3 Nf6 5. e5 Ne4 6. Bd3 Bb4 7. O-O f5 8. exf6
Nxf6 9. Ne2 O-O 10. Ng3 Bd6 11. Re1 Bd7 12. c3 Qe8 13. Ne5 Kh8 14. Bc2 Bxe5 15.
dxe5 Ng8 16. Qd3 g6 17. f4 Nge7 18. Nf1 Qf7 19. a3 Na5 20. h3 c5 21. Nh2 c4 22.
Qd1 b6 23. Nf3 Nb7 24. Ng5 Qg7 25. Be3 Nd8 26. Qd2 Nf7 27. Nf3 Nd8 28. Bf2 Nb7
29. Bh4 Ng8 30. Nh2 Nc5 31. Ng4 Qf7 32. Rf1 Bc6 33. Qd4 h5 34. Ne3 Nh6 35. g4
hxg4 36. hxg4 Kg8 37. Bg5 Qg7 38. Kg2 Kf7 39. Bf6 Qg8 40. Rh1 Nf5 41. gxf5 gxf5+
42. Kf2 1-0

[Event "Chigorin Memorial"]
[Site "St Petersburg RUS"]
[Date "2012.11.02"]
[Round "7.122"]
[White "Napalkov, Vladimir"]
[Black "Aleksanyan, Gor"]
[Result "0-1"]
[WhiteElo "2150"]
[BlackElo "1948"]
[WhiteFideId "4149424"]
[BlackFideId "13306626"]
[EventDate "2012.10.27"]

1. d4 Nf6 2. c4 c5 3. d5 b5 4. cxb5 a6 5. e3 axb5 6. Bxb5 Ba6 7. Nc3 Bxb5 8.
Nxb5 Qa5+ 9. Nc3 d6 10. Ne2 g6 11. O-O Bg7 12. a4 O-O 13. Nb5 Na6 14. Nec3 Nd7
15. e4 Nb4 16. Bg5 Rfe8 17. Qe2 h6 18. Be3 Rec8 19. h4 h5 20. Bg5 Re8 21. Be3
Rec8 22. f4 Nf6 23. Kh1 Ng4 24. Bg1 c4 25. e5 dxe5 26. f5 Qd8 27. fxg6 fxg6 28.
g3 Ra6 29. Qe4 Kh7 30. Na7 Rc7 31. Nab5 Nf6 32. Qxe5 Nfxd5 33. Rf7 Rf6 34. Rf1
Rcc6 35. Bd4 Rxf1+ 0-1

[Event "Chigorin Memorial"]
[Site "St Petersburg RUS"]
[Date "2012.11.02"]
[Round "7.123"]
[White "Kuzmin, Arseniy"]
[Black "Pen, Pyotr"]
[Result "0-1"]
[WhiteElo "1982"]
[BlackElo "2150"]
[WhiteFideId "24150827"]
[BlackFideId "24129950"]
[EventDate "2012.10.27"]

1. e4 d5 2. Nc3 dxe4 3. Nxe4 Bf5 4. Ng3 Bg6 5. h4 h6 6. Nf3 Nd7 7. Bc4 e6 8. h5
Bh7 9. d3 Ngf6 10. Qe2 Bc5 11. Bd2 a5 12. Bc3 Nb6 13. Ne4 Be7 14. O-O-O O-O 15.
Ne5 Bb4 16. Nxf6+ Qxf6 17. Bd4 Nxc4 18. dxc4 Qf4+ 19. Qe3 Qf5 20. Nd3 Rfd8 21.
f3 Qg5 22. Qxg5 hxg5 23. Nxb4 axb4 24. Bc5 Rdc8 25. Kb1 e5 26. Rhe1 f6 27. g4 b6
28. Bxb4 Ra4 29. Bc3 Rxc4 30. Rd7 b5 31. a3 c5 32. Rb7 b4 33. axb4 cxb4 34. Bxb4
Bxc2+ 35. Ka2 Rxb4 36. Ra7 Rcb8 0-1

[Event "Chigorin Memorial"]
[Site "St Petersburg RUS"]
[Date "2012.11.02"]
[Round "7.124"]
[White "Maltsev, Leonid"]
[Black "Ivanov, Rostislav"]
[Result "1-0"]
[WhiteTitle "CM"]
[BlackTitle "FM"]
[WhiteElo "1947"]
[BlackElo "2146"]
[WhiteFideId "14116413"]
[BlackFideId "4160495"]
[EventDate "2012.10.27"]

1. e4 c5 2. Nf3 d6 3. d4 cxd4 4. Nxd4 Nf6 5. Nc3 a6 6. Bg5 e6 7. f4 Be7 8. Qf3
Qc7 9. O-O-O Nbd7 10. g4 h6 11. Bh4 b5 12. Bg2 Rb8 13. Rhe1 b4 14. Nb1 Bb7 15.
Qe2 Nc5 16. e5 dxe5 17. fxe5 Nfe4 18. Bxe7 Qxe7 19. Qe3 O-O 20. Bxe4 Nxe4 21.
Nd2 Nxd2 22. Rxd2 Rbc8 23. Red1 Rfd8 24. Qf4 Qg5 25. Nxe6 1-0

[Event "Chigorin Memorial"]
[Site "St Petersburg RUS"]
[Date "2012.11.02"]
[Round "7.127"]
[White "Chernov, Maksim"]
[Black "Naslund, Mikael"]
[Result "1/2-1/2"]
[BlackTitle "FM"]
[WhiteElo "1895"]
[BlackElo "2142"]
[WhiteFideId "24194280"]
[BlackFideId "1708260"]
[EventDate "2012.10.27"]

1. e4 c5 2. Nf3 e6 3. d4 cxd4 4. Nxd4 a6 5. Bd3 Bc5 6. Nb3 Be7 7. c4 d6 8. O-O
Nf6 9. Nc3 O-O 10. Be3 b6 11. f4 Nbd7 12. Kh1 Bb7 13. Rf3 Re8 14. Rg3 Bf8 15.
Qe2 Qc7 16. Rf1 Rad8 17. Bd4 e5 18. fxe5 dxe5 19. Be3 Be7 20. Nd5 Bxd5 21. cxd5
Nb8 22. Bg5 Qd6 23. Bxf6 Bxf6 24. Bxa6 Nxa6 25. Qxa6 Ra8 26. Qb5 Rec8 27. a3 h6
28. Qd3 Bg5 29. Nd2 Ra4 30. Nb3 Rac4 31. Rgf3 f6 32. R3f2 h5 33. Re2 h4 34. Qf3
R8c7 35. Nd2 Rc1 36. Nb3 R1c4 37. Nd2 Rc1 38. Nb3 R1c4 1/2-1/2

[Event "Chigorin Memorial"]
[Site "St Petersburg RUS"]
[Date "2012.11.02"]
[Round "7.128"]
[White "Zakharov, Yuri"]
[Black "Nikitinyh, Boris"]
[Result "0-1"]
[WhiteElo "1902"]
[BlackElo "2142"]
[WhiteFideId "4166620"]
[BlackFideId "4198328"]
[EventDate "2012.10.27"]

1. Nf3 Nf6 2. g3 d6 3. d4 g6 4. Bg2 Bg7 5. O-O O-O 6. c4 Re8 7. Nc3 Nbd7 8. Qc2
e5 9. dxe5 dxe5 10. Rd1 c6 11. e3 Qe7 12. b3 e4 13. Ne1 Ne5 14. Bb2 Bg4 15. Rd2
Bf5 16. Qc1 h5 17. Ba3 Qe6 18. Ne2 Rad8 19. Nf4 Qc8 20. Bb2 g5 21. Ne2 Bg4 22.
Nd4 Bh3 23. c5 Bxg2 24. Kxg2 h4 25. Qc2 Rd5 26. Rad1 hxg3 27. hxg3 Qg4 28. Ne2
Rxd2 29. Rxd2 Nf3 30. Rd1 Qh5 31. Nd4 Qh2+ 32. Kf1 Ng4 33. Nexf3 exf3 34. Ke1
Rxe3+ 35. fxe3 Qg1+ 0-1

[Event "Chigorin Memorial"]
[Site "St Petersburg RUS"]
[Date "2012.11.02"]
[Round "7.130"]
[White "Egorov, Daniil"]
[Black "Zavoronkov, Vladimir"]
[Result "0-1"]
[BlackTitle "IM"]
[WhiteElo "1819"]
[BlackElo "2378"]
[WhiteFideId "24171956"]
[BlackFideId "4500342"]
[EventDate "2012.10.27"]

1. e4 c5 2. Nf3 Nc6 3. d4 cxd4 4. Nxd4 Nf6 5. Nc3 d6 6. Bg5 e6 7. Qd2 Be7 8.
O-O-O Nxd4 9. Qxd4 O-O 10. e5 dxe5 11. Qxe5 Qe8 12. Bb5 Bd7 13. Bxf6 Bxf6 14.
Bxd7 Bxe5 15. Bxe8 Rfxe8 16. Rd7 Rab8 17. g3 Red8 18. Rhd1 Rxd7 19. Rxd7 Kf8 20.
Ne4 Ke8 21. Rd3 Rd8 22. Rxd8+ Kxd8 23. c3 h6 24. Kd2 Kd7 25. Kd3 Kc6 26. Nd2 Bc7
27. Nc4 f5 28. Kd4 g5 29. Ne5+ Kd6 30. Nc4+ Ke7 31. a4 h5 32. a5 h4 33. b4 h3
34. Ne5 g4 35. c4 a6 36. b5 axb5 37. cxb5 Bxa5 38. Nc4 Bc7 39. b6 Bb8 40. Ne3
Kd6 41. Nf1 Kc6 42. f3 gxf3 43. Ke3 Kxb6 44. Kxf3 Kc5 45. g4 b5 46. g5 b4 47. g6
Be5 48. Nd2 Kd4 49. Nb3+ Kc3 50. Nc1 b3 0-1

[Event "Chigorin Memorial"]
[Site "St Petersburg RUS"]
[Date "2012.11.02"]
[Round "7.131"]
[White "Karasev, Vladimir I"]
[Black "Frolov, Lev"]
[Result "1-0"]
[WhiteTitle "IM"]
[WhiteElo "2373"]
[BlackElo "1970"]
[WhiteFideId "4103971"]
[BlackFideId "4187571"]
[EventDate "2012.10.27"]

1. Nc3 d5 2. e3 Nf6 3. b3 c6 4. Bb2 e5 5. Nce2 Bd6 6. f4 Nbd7 7. Nf3 Qe7 8. g3
Ng4 9. h3 Nh6 10. Bg2 f6 11. O-O O-O 12. c4 Nb6 13. fxe5 fxe5 14. c5 Bxc5 15.
Bxe5 Nf7 16. Bb2 Ng5 17. Nf4 Nxf3+ 18. Rxf3 Ba3 19. Bc3 Bb4 20. Bxb4 Qxb4 21.
Nd3 Qd6 22. Rxf8+ Kxf8 23. Qh5 Kg8 24. Qe8+ Qf8 25. Qe5 Qf6 26. Qxf6 gxf6 27.
Rf1 Kg7 28. Nf4 f5 29. d3 Kf7 30. a4 Be6 31. g4 fxg4 32. Nxd5+ Kg8 33. Nc7 gxh3
34. Be4 Bxb3 35. Nxa8 Nxa8 36. Rb1 Bxa4 37. Rxb7 Nb6 38. Rxa7 Bb5 39. Rxh7 1-0

[Event "Chigorin Memorial"]
[Site "St Petersburg RUS"]
[Date "2012.11.02"]
[Round "7.132"]
[White "Mitiushkin, Marat"]
[Black "Duzhakov, Ilya"]
[Result "0-1"]
[BlackTitle "FM"]
[WhiteElo "1953"]
[BlackElo "2330"]
[WhiteFideId "4141849"]
[BlackFideId "4192516"]
[EventDate "2012.10.27"]

1. d4 Nf6 2. e3 e6 3. Nf3 c5 4. b3 Nc6 5. Bb2 d5 6. Nbd2 Be7 7. a3 O-O 8. Bd3
cxd4 9. exd4 Rb8 10. O-O b5 11. Ne5 Qb6 12. Ndf3 Nd8 13. Qe2 a5 14. Kh1 b4 15.
axb4 axb4 16. Rfb1 Nc6 17. Nxc6 Qxc6 18. Ne5 Qb6 19. c4 bxc3 20. Bxc3 Bb7 21.
Qe3 Ra8 22. Be1 Bb4 23. Bxb4 Qxb4 24. f4 Rxa1 25. Rxa1 g6 26. Rc1 Rc8 27. Rxc8+
Bxc8 28. Qc1 Bd7 29. Qa1 Qxb3 30. h3 Kg7 31. Kh2 Ba4 32. Qc1 Nd7 33. Bf1 Qb6 34.
Qd2 Nb8 35. Qf2 f6 36. Nf3 Nc6 37. Qd2 Qb1 38. Bd3 Qa1 39. Be2 Bb3 40. Bb5 Ba4
41. Bxc6 Bxc6 42. Qb4 Be8 43. Qd2 Qa3 44. Ne1 Bb5 45. Qf2 Qc1 46. Kg3 h5 47. Kh2
Bc4 48. Kg1 Bd3 49. Kh2 Be4 50. Kg1 Qc3 51. Kh2 Kf7 52. h4 Qc1 53. Kg3 Qc4 54.
Nf3 Bxf3 55. gxf3 Qc7 56. Qh2 Kg7 57. Qe2 Kf7 58. Qd3 Qc4 59. Qe3 Qb4 60. Kh3
Qb2 61. Kg3 Qa1 62. Kh3 Qb1 63. Kg3 Qh1 64. Qe2 Qg1+ 65. Kh3 Qb1 66. Kg3 Qh1 67.
Qd2 Qg1+ 68. Kh3 Qb1 69. Kg3 Kg7 70. Kh3 Qf5+ 71. Kg3 e5 72. fxe5 fxe5 73. dxe5
Qxe5+ 74. f4 Qe4 75. Qc3+ Kf7 76. Qc7+ Ke6 77. Qc6+ Kf5 78. Qc8+ Qe6 79. Qc2+
Kf6 80. Qc3+ Kf7 81. Qc7+ Kg8 82. Qd8+ Kh7 83. Qc7+ Kh6 84. Qc1 Qg4+ 85. Kf2
Qxh4+ 86. Kg2 Qg4+ 87. Kf2 h4 88. f5+ Qg5 89. Qc5 Qxf5+ 90. Ke2 Kh5 91. Qc7 Kg4
92. Qh2 Qf3+ 0-1

[Event "Chigorin Memorial"]
[Site "St Petersburg RUS"]
[Date "2012.11.02"]
[Round "7.133"]
[White "Vorobjev, Dmitry"]
[Black "Boytsov, Alexander"]
[Result "1-0"]
[WhiteElo "2256"]
[BlackElo "1945"]
[WhiteFideId "24112178"]
[BlackFideId "24177113"]
[EventDate "2012.10.27"]

1. e4 e6 2. d4 d5 3. Nc3 Nf6 4. Bg5 dxe4 5. Nxe4 Nbd7 6. Nf3 Be7 7. Nxf6+ Bxf6
8. Bxf6 Qxf6 9. Bd3 O-O 10. O-O c5 11. c3 cxd4 12. cxd4 Rd8 13. Rc1 Nb6 14. Qe2
Nd5 15. Bb1 g6 16. g3 b6 17. Ne5 Bb7 18. Be4 Qg7 19. Bxd5 Bxd5 20. Rc7 Rf8 21.
Qa6 h5 22. a3 h4 23. Rfc1 Qh6 24. Qe2 hxg3 25. fxg3 f6 26. Nd3 Rfe8 27. Nf4 Qg5
28. Qd3 f5 29. Qe3 Be4 30. Rg7+ Kxg7 31. Nxe6+ Rxe6 32. Qxg5 Rf8 33. Rc7+ Rf7
34. Qd8 Rf6 35. d5 f4 36. g4 g5 37. d6 f3 38. Rxf7+ Rxf7 39. Qxg5+ Kh7 40. Kf2
Bc6 41. Qh5+ Kg7 42. g5 Be8 43. g6 Rd7 44. Qe5+ 1-0

[Event "Chigorin Memorial"]
[Site "St Petersburg RUS"]
[Date "2012.11.02"]
[Round "7.134"]
[White "Chuprova, Irina"]
[Black "Drachev, Oleg"]
[Result "0-1"]
[WhiteElo "1945"]
[BlackElo "2220"]
[WhiteFideId "24138584"]
[BlackFideId "24193933"]
[EventDate "2012.10.27"]

1. e4 d6 2. d4 Nf6 3. Nc3 g6 4. f4 Bg7 5. Nf3 c5 6. Bb5+ Bd7 7. e5 Ng4 8. Bxd7+
Qxd7 9. d5 dxe5 10. h3 e4 11. hxg4 exf3 12. Qxf3 Na6 13. Bd2 b5 14. O-O-O O-O-O
15. Be1 Qb7 16. d6 Rxd6 17. Qxb7+ Kxb7 18. Rxd6 exd6 19. Nxb5 Kc6 20. Bc3 Bxc3
21. Nxc3 d5 22. Re1 d4 23. Ne4 Re8 24. Kd2 Nb4 25. a3 Nd5 26. g3 Ne3 27. Ng5
Nc4+ 28. Kd1 Nxb2+ 29. Kd2 Nc4+ 30. Kd1 Rxe1+ 31. Kxe1 Nxa3 32. Kd2 Nc4+ 33. Kd3
Nd6 34. c3 dxc3 35. Kxc3 h6 36. Nf3 f6 37. g5 hxg5 38. fxg5 Kd5 39. gxf6 Ne4+
40. Kc2 Nxf6 41. Nh4 g5 42. Nf5 Ke4 43. Nd6+ Kf3 44. Kb3 Ne4 45. Nf7 Kxg3 46.
Kc4 Kf4 47. Nd8 g4 48. Nc6 g3 0-1

[Event "Chigorin Memorial"]
[Site "St Petersburg RUS"]
[Date "2012.11.02"]
[Round "7.135"]
[White "Chernyak, Viktoria"]
[Black "Hairapetian, Anna"]
[Result "0-1"]
[BlackTitle "WIM"]
[WhiteElo "1939"]
[BlackElo "2185"]
[WhiteFideId "24165956"]
[BlackFideId "13303554"]
[EventDate "2012.10.27"]

1. e4 e5 2. Nf3 Nc6 3. Bb5 a6 4. Bxc6 dxc6 5. O-O f6 6. d4 exd4 7. Nxd4 c5 8.
Nb3 Qxd1 9. Rxd1 Bd6 10. N1d2 Be6 11. Nf3 Ne7 12. Be3 b6 13. Nc1 Nc6 14. Nd3
O-O-O 15. Bf4 Bg4 16. Bxd6 Rxd6 17. h3 Bxf3 18. gxf3 Rhd8 19. Rdc1 Nd4 20. Kg2
g5 21. Rab1 c4 22. Nb4 Ne2 23. Re1 Nf4+ 24. Kg3 Rd2 25. Nc6 Re8 26. c3 Kb7 27.
Nd4 Rd8 28. b3 c5 29. Nf5 Ne2+ 30. Kg2 Nxc3 31. Rbc1 Nd1 32. Kg3 Nxf2 33. Rxc4
Nd3 34. Ra1 Nf4 35. Ne3 R8d3 36. Kg4 Rxe3 37. h4 Nd3 38. Kf5 Rxf3+ 39. Ke6 b5
40. Rxc5 Nxc5+ 0-1

[Event "Chigorin Memorial"]
[Site "St Petersburg RUS"]
[Date "2012.11.02"]
[Round "7.136"]
[White "Fedoseeva, Valentina"]
[Black "Pischikov, Vadim"]
[Result "1/2-1/2"]
[WhiteElo "1930"]
[BlackElo "2143"]
[WhiteFideId "4169875"]
[BlackFideId "4100280"]
[EventDate "2012.10.27"]

1. e4 e5 2. Nf3 Nc6 3. Bc4 Be7 4. O-O Nf6 5. Re1 O-O 6. d4 d6 7. h3 h6 8. Nc3
Nd7 9. Nd5 Nb6 10. Nxe7+ Qxe7 11. Bf1 Bd7 12. b3 g5 13. dxe5 dxe5 14. Nh2 Rad8
15. Qh5 Kg7 16. Ng4 Bxg4 17. Qxg4 Nd4 18. Bd3 Nd7 19. h4 f6 20. c3 Ne6 21. g3
Ndc5 22. Bc4 c6 23. Ba3 Rfe8 24. Qh5 Qc7 25. Qg4 b5 26. Bf1 Nb7 27. Bc1 Qf7 28.
Be3 a6 29. Be2 Nd6 30. Bd3 c5 31. Bc2 Qg6 32. Bd2 h5 33. Qh3 g4 34. Qf1 Nc4 35.
bxc4 Rxd2 36. Bd3 Rd8 37. Be2 b4 38. cxb4 Qxe4 39. a3 Nd4 40. Bd1 Qc6 41. Qg2
cxb4 42. axb4 Qxc4 43. Qb7+ Qf7 44. Qxa6 Qd5 45. Qa7+ Rd7 46. Qb8 Nc6 47. Qe8
Qd4 48. Rf1 Rd3 49. Kg2 Qd5+ 50. Kh2 Qf7 51. Qxf7+ Rxf7 52. Ba4 Nxb4 53. Be8 Re7
54. Bxh5 Rd4 55. Ra8 Kh6 56. Be8 Nd5 57. Bc6 Nb4 58. Bg2 e4 59. Rg8 Rg7 60. Re8
f5 1/2-1/2

[Event "Chigorin Memorial"]
[Site "St Petersburg RUS"]
[Date "2012.11.02"]
[Round "7.138"]
[White "Tkachev, Ivan"]
[Black "Shagdurov, Denis"]
[Result "0-1"]
[WhiteElo "2128"]
[BlackElo "1890"]
[WhiteFideId "4186885"]
[BlackFideId "24136735"]
[EventDate "2012.10.27"]

1. d4 Nf6 2. c4 c5 3. e3 g6 4. Nc3 Bg7 5. Nge2 O-O 6. g3 cxd4 7. Nxd4 d5 8. c5
e5 9. Nb3 Bg4 10. f3 Be6 11. Bg2 Na6 12. O-O Rc8 13. f4 e4 14. Nb5 Nxc5 15. Nxc5
Rxc5 16. Nd4 Bg4 17. Qb3 Qd7 18. Bd2 Rfc8 19. Bc3 Ne8 20. a4 Nd6 21. Qa2 Bh3 22.
Qb1 Bxg2 23. Kxg2 Bxd4 24. exd4 Rc4 25. Qd1 Nf5 26. h3 Nxd4 27. Bxd4 Rxd4 28.
Qxd4 Rc2+ 29. Qf2 Rxf2+ 30. Kxf2 Qxh3 31. Rg1 d4 32. Rae1 Qf5 33. Rc1 Qd5 34. g4
Qb3 0-1